MARC

LEADER 00000nab a2200000 a 4500
001 vtls000119901
003 SK-MaSNL
005 20260304021143.0
008 111104c1982 xo 0 slo
015 |a SNBRB19rr/mm-uuuuu 
035 |a CL0130006 
040 |a SNKBUCL  |b slo  |c SNKBUCL  |e AACR2 
041 0 |a slo 
044 |a xo  |c SK 
080 |a 885.4-3(087.5)  |2 1981 
100 1 |a Haštová, Mária,  |d 1922-2018  |4 aut  |9 106731 
245 1 0 |a Ježko z jamy  |c Mária Haštová ; Božena Augustínová 
650 0 7 |a rozprávky autorské  |2 snkbucl  |9 315429 
650 0 7 |a literatúra pre deti a mládež  |2 snkbucl  |9 21893 
655 7 |a články z novín a časopisov  |2 snkbucl  |9 267496 
655 7 |a články z odboru literárna veda a krásna literatúra  |2 snkbucl  |9 770045 
700 1 |a Augustínová, Božena,  |d 1939-2005  |4 gup  |9 85469 
773 0 |t Ohník  |g Roč. 34, č. 16 (1982), s. 4 
850 |a Slovenská národná knižnica v Martine  |a MTA001 
852 |a SNK  |b KIS3GCP 
958 |a RK 
958 |a LX 
992 |a RBX 
999 |c 2603797  |d 2605727